[Event "FIDE WRBTC Blitz-Pool 2024"]
[Site "Astana"]
[Date "2024.08.05"]
[Round "1.46"]
[White "Amilal Munkhdalai"]
[Black "Agajanova, Meryem"]
[Result "1-0"]
[WhiteElo "2374"]
[BlackElo "2007"]
[Annotator "ChessBase"]
[PlyCount "93"]
[EventDate "2024.08.01"]
[EventType "team-tourn"]
[EventCountry "KAZ"]
[SourceTitle "playchess.com"]
[Source "ChessBase"]
[SourceQuality "1"]

1. e4 e6 2. d4 d5 3. Nd2 c5 4. exd5 Qxd5 5. dxc5 Bxc5 6. Ngf3 Nf6 7. Bc4 Qh5 8. Qe2 Nbd7 9. O-O O-O 10. b3 b6 11. Bb2 Bb7 12. Ba6 Bxa6 13. Qxa6 Rfd8 14. Rad1 Be7 15. Nc4 Nc5 16. Rxd8+ Bxd8 17. Qb5 Nce4 18. Be5 Be7 19. Qc6 Re8 20. Ne3 Kf8 21. Rd1 Ng5 22. Nxg5 Qxg5 23. Bd6 Bxd6 24. Qxd6+ Kg8 25. Qc7 Qa5 26. a4 h6 27. h3 Nd5 28. Nxd5 exd5 29. Kh2 a6 30. Qd7 Re5 31. Qc8+ Kh7 32. Qc7 Rf5 33. f3 Qc5 34. Qxc5 bxc5 35. Re1 Kg6 36. Re7 d4 37. Ra7 Rf6 38. Rc7 Rf5 39. Rc6+ Kg5 40. Rxa6 Kf4 41. Rc6 Ke3 42. a5 Rd5 43. a6 Rd7 44. Rxc5 Kd2 45. b4 Rd6 46. a7 Ra6 47. Ra5 1-0

[Event "FIDE WRBTC Blitz-Pool 2024"]
[Site "Astana"]
[Date "2024.08.05"]
[Round "1.46"]
[White "Bugubayev, Satzhan"]
[Black "Abdsattar, Alisher"]
[Result "0-1"]
[WhiteElo "1411"]
[BlackElo "2025"]
[Annotator "RC"]
[PlyCount "38"]
[EventDate "2024.08.01"]
[EventType "team-tourn"]
[EventCountry "KAZ"]
[SourceTitle "playchess.com"]
[Source "ChessBase"]
[SourceQuality "1"]

1. e4 e5 2. Nf3 Nc6 3. Bc4 Nf6 4. Nc3 Nxe4 5. Nxe4 d5 6. Bd3 dxe4 7. Bxe4 Bd6 8. Bxc6+ bxc6 9. O-O O-O 10. b3 e4 11. Nd4 Qf6 12. c3 c5 13. Ne2 Bg4 14. h3 Bh5 15. Re1 Qe5 16. g3 Bf3 17. d4 Qh5 18. dxc5 Qxh3 19. Nf4 Qh1# 0-1

[Event "FIDE WRBTC Blitz-Pool 2024"]
[Site "Astana"]
[Date "2024.08.05"]
[Round "1.47"]
[White "Ezizov, Muhammet"]
[Black "Mungunzul, Bat-Erdene"]
[Result "0-1"]
[WhiteElo "1909"]
[BlackElo "2224"]
[Annotator "ChessBase"]
[PlyCount "156"]
[EventDate "2024.08.01"]
[EventType "team-tourn"]
[EventCountry "KAZ"]
[SourceTitle "playchess.com"]
[Source "ChessBase"]
[SourceQuality "1"]

1. e4 e5 2. Nf3 Nc6 3. Bb5 a6 4. Ba4 Nf6 5. O-O Be7 6. Re1 b5 7. Bb3 d6 8. c3 O-O 9. h3 Na5 10. Bc2 c5 11. d4 Nd7 12. dxc5 dxc5 13. Nbd2 Qc7 14. Nf1 Nb6 15. Bg5 f6 16. Be3 Nac4 17. Bb3 Be6 18. Qe2 Kh8 19. N1d2 Nxe3 20. Qxe3 c4 21. Bc2 Nd7 22. Nf1 Nc5 23. Rad1 a5 24. g4 b4 25. Ng3 b3 26. axb3 cxb3 27. Bb1 a4 28. Nf5 Rfd8 29. Nxe7 Qxe7 30. Nh4 Nb7 31. Nf5 Qc7 32. Rd3 Rxd3 33. Bxd3 a3 34. bxa3 Rxa3 35. c4 Nc5 36. Bb1 Ra8 37. Rd1 Rb8 38. h4 Na4 39. c5 Qxc5 40. Qxc5 Nxc5 41. Rd6 Bxf5 42. gxf5 Na4 43. Rc6 h5 44. Kf1 b2 45. Ke2 Rb3 46. Kd2 Rh3 47. Ba2 Rh1 48. Rc8+ Kh7 49. Bg8+ Kh6 50. Bf7 Rxh4 51. Rh8+ Kg5 52. Kc2 Rh1 53. Rb8 b1=Q+ 54. Rxb1 Rxb1 55. Kxb1 Nc3+ 56. Kc2 Nxe4 57. Kd3 Nxf2+ 58. Ke2 Ng4 59. Kf3 Kxf5 60. Bxh5 Nh6 61. Be8 e4+ 62. Ke3 Ke5 63. Bg6 f5 64. Be8 f4+ 65. Ke2 f3+ 66. Ke1 Kf4 67. Bc6 e3 68. Bb5 Nf5 69. Ba6 Ng3 70. Bb5 f2+ 71. Kd1 f1=Q+ 72. Bxf1 Nxf1 73. Ke2 Ng3+ 74. Ke1 Kf3 75. Kd1 Kf2 76. Kc2 e2 77. Kc3 e1=Q+ 78. Kc4 Qd2 0-1

[Event "FIDE WRBTC Blitz-Pool 2024"]
[Site "Astana"]
[Date "2024.08.05"]
[Round "1.47"]
[White "Momyn, Madina"]
[Black "Lednikova, Elizaveta"]
[Result "1-0"]
[WhiteElo "1733"]
[BlackElo "1677"]
[Annotator "NA"]
[PlyCount "107"]
[EventDate "2024.08.01"]
[EventType "team-tourn"]
[EventCountry "KAZ"]
[SourceTitle "playchess.com"]
[Source "ChessBase"]
[SourceQuality "1"]

1. d4 d5 2. Nf3 e6 3. g3 Nf6 4. Bg2 Bb4+ 5. c3 Be7 6. O-O O-O 7. Nbd2 Nbd7 8. Re1 c6 9. b3 b6 10. Bb2 Bb7 11. c4 c5 12. Rc1 Rc8 13. e3 h6 14. Qe2 a6 15. Red1 cxd4 16. Nxd4 dxc4 17. Bxb7 c3 18. Bxc3 Rc7 19. Bg2 Qc8 20. Bb2 Rxc1 21. Rxc1 Qb8 22. Nc6 Qe8 23. Nxe7+ Qxe7 24. Nc4 b5 25. Ne5 Nb6 26. Nc6 Qd6 27. Nd4 Nfd5 28. Rc6 Qd7 29. Bxd5 Nxd5 30. Rc1 Nb4 31. a3 Nd5 32. Qg4 f5 33. Qf3 Rc8 34. Rd1 Qf7 35. Nxe6 Qxe6 36. Qxd5 Qxd5 37. Rxd5 Rf8 38. Rd7 Rf7 39. Rxf7 Kxf7 40. Kg2 Kg6 41. Kf3 Kf7 42. h4 g6 43. Kf4 Ke6 44. Bg7 h5 45. Bd4 a5 46. Kg5 Kf7 47. a4 b4 48. Bb6 Ke6 49. Bxa5 Ke5 50. Bxb4 Ke4 51. Bd6 Kd3 52. a5 Kc3 53. a6 Kxb3 54. a7 1-0

[Event "FIDE WRBTC Blitz-Pool 2024"]
[Site "Astana"]
[Date "2024.08.05"]
[Round "1.48"]
[White "Erkhembayar, Amartaivan"]
[Black "Sholpanbek, Zhansaya"]
[Result "0-1"]
[WhiteElo "1962"]
[BlackElo "1752"]
[Annotator "ChessBase"]
[PlyCount "51"]
[EventDate "2024.08.01"]
[EventType "team-tourn"]
[EventCountry "KAZ"]
[SourceTitle "playchess.com"]
[Source "ChessBase"]
[SourceQuality "1"]

1. d4 Nf6 2. Nf3 g6 3. Bf4 Bg7 4. e3 O-O 5. Be2 d6 6. O-O Nfd7 7. h3 Nc6 8. Bh2 e5 9. c3 e4 10. Nfd2 f5 11. Qb3+ Kh8 12. c4 g5 13. f4 Qf6 14. Nc3 Ne7 15. Nb5 c6 16. fxg5 Qxg5 17. Bf4 Qh4 18. Nxd6 Ng6 19. Nxc8 Raxc8 20. Qxb7 Bxd4 21. Qxd7 Rcd8 22. Qxc6 Nxf4 23. exd4 Nxe2+ 24. Kh2 Rg8 25. Rg1 Nf4 26. g3 0-1

[Event "FIDE WRBTC Blitz-Pool 2024"]
[Site "Astana"]
[Date "2024.08.05"]
[Round "1.48"]
[White "Abdrakhmanov, Alikhan"]
[Black "Gein, Dmitriy"]
[Result "0-1"]
[WhiteElo "1434"]
[BlackElo "1723"]
[Annotator "NA"]
[PlyCount "44"]
[EventDate "2024.08.01"]
[EventType "team-tourn"]
[EventCountry "KAZ"]
[SourceTitle "playchess.com"]
[Source "ChessBase"]
[SourceQuality "1"]

1. e4 c5 2. Nc3 Nc6 3. Bb5 e6 4. Bxc6 bxc6 5. Nf3 d5 6. exd5 cxd5 7. d3 Nf6 8. O-O Be7 9. Ne5 Bb7 10. Qf3 O-O 11. Bd2 Rb8 12. Qg3 Re8 13. Bh6 Bf8 14. Bd2 d4 15. Ne2 Bd6 16. f4 Bd5 17. Ng4 Nxg4 18. Qxg4 Rxb2 19. f5 exf5 20. Qxf5 Rxe2 21. Qxd5 Bxh2+ 22. Kxh2 Qxd5 0-1

[Event "FIDE WRBTC Blitz-Pool 2024"]
[Site "Astana"]
[Date "2024.08.05"]
[Round "2.1"]
[White "Carlsen, Magnus"]
[Black "Primbetov, Nurassyl"]
[Result "1-0"]
[WhiteElo "2832"]
[BlackElo "1784"]
[Annotator "RC"]
[PlyCount "129"]
[EventDate "2024.08.01"]
[EventType "team-tourn"]
[EventCountry "KAZ"]
[SourceTitle "playchess.com"]
[Source "ChessBase"]
[SourceQuality "1"]

1. e4 c5 2. Nf3 e6 3. Nc3 Nc6 4. h3 d5 5. Bb5 Nf6 6. d3 d4 7. Bxc6+ bxc6 8. Ne2 Be7 9. O-O O-O 10. Ng3 Nd7 11. e5 Qc7 12. Re1 Rd8 13. Nh5 g6 14. Ng3 Nb6 15. Bg5 Bxg5 16. Nxg5 Qe7 17. Qd2 c4 18. N3e4 h6 19. Nf3 Kg7 20. Nd6 cxd3 21. cxd3 Nd7 22. Qf4 c5 23. b4 cxb4 24. Nxd4 Nb6 25. Nc6 Nd5 26. Qxh6+ Kxh6 27. Nxe7 Kg7 28. Nexc8 Nf4 29. Re4 Nxd3 30. Rd1 Nc5 31. Rc4 Raxc8 32. Rdc1 Rc6 33. Rxc5 Rxc5 34. Rxc5 Rd7 35. Kf1 f6 36. Ne8+ Kf7 37. Nxf6 Rb7 38. Ne4 Ke7 39. Nd6 Rb8 40. Rc7+ Kf8 41. Rxa7 b3 42. axb3 Rxb3 43. Rf7+ Kg8 44. Rf6 Kg7 45. Rxe6 Rb1+ 46. Ke2 Rb2+ 47. Kf3 Rb3+ 48. Kg4 Rb2 49. Re7+ Kf8 50. Rf7+ Kg8 51. Kg5 Re2 52. Kxg6 Rxe5 53. Nf5 Re6+ 54. Rf6 Re8 55. Nh6+ Kh8 56. g4 Ra8 57. g5 Rb8 58. f4 Rc8 59. f5 Rc6 60. Nf7+ Kg8 61. Nh6+ Kh8 62. Nf7+ Kg8 63. Rxc6 Kf8 64. Re6 Kg8 65. Re8# 1-0

[Event "FIDE WRBTC Blitz-Pool 2024"]
[Site "Astana"]
[Date "2024.08.05"]
[Round "2.1"]
[White "Orozbaev, Eldiyar"]
[Black "Martirosyan, Haik M."]
[Result "0-1"]
[WhiteElo "2376"]
[BlackElo "2667"]
[Annotator "ChessBase"]
[PlyCount "142"]
[EventDate "2024.08.01"]
[EventType "team-tourn"]
[EventCountry "KAZ"]
[SourceTitle "playchess.com"]
[Source "ChessBase"]
[SourceQuality "1"]

1. e4 e5 2. Nf3 Nc6 3. Bc4 Nf6 4. Ng5 d5 5. exd5 Na5 6. Bb5+ c6 7. dxc6 bxc6 8. Bd3 Be7 9. Nc3 Nd5 10. Nf3 Nf4 11. O-O Nxd3 12. cxd3 f6 13. d4 exd4 14. Nxd4 c5 15. Nb3 Nc6 16. d3 Ne5 17. Be3 Nxd3 18. Qf3 Rb8 19. Nxc5 Ne5 20. Qe2 O-O 21. Rfd1 Qe8 22. Nd3 Ba6 23. Qc2 Bxd3 24. Rxd3 Nxd3 25. Qxd3 Rxb2 26. Bxa7 Qc6 27. Nd5 Bd6 28. Be3 Qb5 29. Qxb5 Rxb5 30. Nc3 Ra5 31. Ne4 Be5 32. Rd1 Re8 33. g3 Rxa2 34. Kg2 Raa8 35. h4 h5 36. Rd7 Rad8 37. Rb7 Bd4 38. Bxd4 Rxd4 39. f3 Re5 40. Kh3 Rd3 41. Kg2 Ra5 42. Rb2 Kh7 43. Rc2 Kg6 44. Rb2 Raa3 45. Nd2 Re3 46. Nc4 Reb3 47. Rf2 Ra1 48. Nd2 Rb2 49. Ne4 Rbb1 50. Rd2 Rg1+ 51. Kf2 Rh1 52. Ke3 Rhe1+ 53. Kf2 Rh1 54. Ke3 Ra3+ 55. Kf4 Rf1 56. Rf2 Rxf2 57. Nxf2 Ra4+ 58. Ke3 Kf5 59. Ne4 Ra3+ 60. Kf2 Ke5 61. Nc5 Kd5 62. Ne4 Kd4 63. Nd6 Ra2+ 64. Ke1 g6 65. g4 Ke3 66. Nc4+ Kxf3 67. g5 fxg5 68. Ne5+ Ke3 69. Kf1 g4 70. Nxg6 Ra5 71. Nf8 Rf5+ 0-1

[Event "FIDE WRBTC Blitz-Pool 2024"]
[Site "Astana"]
[Date "2024.08.05"]
[Round "2.2"]
[White "Vidit, Santosh Gujrathi"]
[Black "Zhakshylykov, Erzhan"]
[Result "1-0"]
[WhiteElo "2720"]
[BlackElo "2327"]
[Annotator "ChessBase"]
[PlyCount "65"]
[EventDate "2024.08.01"]
[EventType "team-tourn"]
[EventCountry "KAZ"]
[SourceTitle "playchess.com"]
[Source "ChessBase"]
[SourceQuality "1"]

1. Nf3 Nf6 2. c4 e6 3. Nc3 d5 4. e3 Be7 5. b3 c5 6. cxd5 Nxd5 7. Bb2 O-O 8. Qc2 Nc6 9. h4 h6 10. a3 b6 11. Bb5 Bb7 12. Nxd5 Qxd5 13. Bc4 Qh5 14. Rh3 e5 15. Be2 Qg6 16. Qxg6 fxg6 17. Rg3 Bf6 18. Rxg6 Kf7 19. h5 e4 20. Bxf6 gxf6 21. Bc4+ Ke8 22. Nh4 Ne5 23. Rxh6 Nxc4 24. bxc4 Kd7 25. Rh7+ Kc6 26. Ng6 Rfe8 27. Rf7 Re6 28. h6 f5 29. Ne7+ Kd6 30. Nxf5+ Kc6 31. h7 Rh8 32. g4 Ba6 33. Rc1 1-0

[Event "FIDE WRBTC Blitz-Pool 2024"]
[Site "Astana"]
[Date "2024.08.05"]
[Round "2.2"]
[White "Artemiev, Vladislav"]
[Black "Hassan, Sayed Barakat"]
[Result "1-0"]
[WhiteElo "2699"]
[BlackElo "2279"]
[Annotator "ChessBase"]
[PlyCount "91"]
[EventDate "2024.08.01"]
[EventType "team-tourn"]
[EventCountry "KAZ"]
[SourceTitle "playchess.com"]
[Source "ChessBase"]
[SourceQuality "1"]

1. d4 Nf6 2. Nf3 g6 3. Bg5 Ne4 4. Bh4 Bg7 5. Nbd2 d5 6. e3 O-O 7. Be2 c5 8. c3 Nc6 9. Nxe4 dxe4 10. Nd2 cxd4 11. cxd4 f5 12. Qb3+ Kh8 13. O-O Bf6 14. Bxf6+ Rxf6 15. Rfd1 Qf8 16. Rac1 e6 17. Nc4 Rb8 18. g3 Bd7 19. Ne5 Nxe5 20. dxe5 Rf7 21. Rd6 g5 22. Rc7 Be8 23. Rc2 f4 24. Bg4 fxe3 25. Qxe3 Qg7 26. Qd4 Bc6 27. Bxe6 Rff8 28. Bd5 Rbe8 29. Bxc6 bxc6 30. Rd7 Qxe5 31. Qxe5+ Rxe5 32. Rxc6 e3 33. fxe3 Rxe3 34. Rc2 g4 35. Kg2 Re1 36. Rxa7 h6 37. h3 h5 38. Ra5 Kg8 39. Rg5+ Kh7 40. Rxh5+ Kg6 41. hxg4 Rff1 42. Rc6+ Kg7 43. Rg5+ Kh7 44. Rc2 Rg1+ 45. Kf3 Rb1 46. Rh2# 1-0

[Event "FIDE WRBTC Blitz-Pool 2024"]
[Site "Astana"]
[Date "2024.08.05"]
[Round "2.2"]
[White "Tulegenov, Amir"]
[Black "Nepomniachtchi, Ian"]
[Result "0-1"]
[WhiteElo "1858"]
[BlackElo "2767"]
[Annotator "TA"]
[PlyCount "88"]
[EventDate "2024.08.01"]
[EventType "team-tourn"]
[EventCountry "KAZ"]
[SourceTitle "playchess.com"]
[Source "ChessBase"]
[SourceQuality "1"]

1. e4 c5 2. Nf3 d6 3. Bb5+ Nd7 4. a4 Ngf6 5. Nc3 a6 6. Be2 g6 7. a5 Bg7 8. O-O O-O 9. d3 b5 10. axb6 Bb7 11. Qd2 Nxb6 12. Qf4 Nfd7 13. Qh4 e5 14. Bg5 f6 15. Be3 f5 16. Qxd8 Rfxd8 17. exf5 gxf5 18. Bg5 Re8 19. Nh4 h6 20. Bd2 Rf8 21. Rab1 Rac8 22. Rfd1 d5 23. b4 c4 24. Be1 d4 25. Na2 cxd3 26. cxd3 Rc2 27. Rd2 Rfc8 28. Rb2 Rxb2 29. Rxb2 Bd5 30. Nxf5 Bf8 31. Kf1 Na4 32. Rd2 Be6 33. Ng3 Nf6 34. Bd1 Nc3 35. Nxc3 dxc3 36. Rc2 Bxb4 37. Ne4 Nxe4 38. dxe4 Bb3 39. Rc1 Bxd1 40. Rxd1 c2 41. Rc1 Ba3 42. Bd2 Bxc1 43. Bxc1 Rd8 44. Ke2 Rd1 0-1

[Event "FIDE WRBTC Blitz-Pool 2024"]
[Site "Astana"]
[Date "2024.08.05"]
[Round "2.3"]
[White "Duda, Jan-Krzysztof"]
[Black "Omarbek, Adlet"]
[Result "1-0"]
[WhiteElo "2733"]
[BlackElo "1713"]
[Annotator "TA"]
[PlyCount "115"]
[EventDate "2024.08.01"]
[EventType "team-tourn"]
[EventCountry "KAZ"]
[SourceTitle "playchess.com"]
[Source "ChessBase"]
[SourceQuality "1"]

1. e4 c5 2. Nf3 e6 3. g3 Nc6 4. Bg2 d5 5. exd5 exd5 6. O-O Bd6 7. d4 Nf6 8. Re1+ Be6 9. Ng5 O-O 10. Rxe6 fxe6 11. Nxe6 Qd7 12. Nxf8 Rxf8 13. Nc3 Nxd4 14. Nxd5 Qf5 15. Ne3 Qd7 16. c3 Nc6 17. Nc4 Bc7 18. Qxd7 Nxd7 19. Be3 Nce5 20. Bxb7 Nxc4 21. Bd5+ Kh8 22. Bxc4 Rb8 23. b3 Ne5 24. Bd5 Bb6 25. Rd1 Rf8 26. Be6 h6 27. Kg2 Re8 28. Bf5 Rf8 29. Bh3 g5 30. Rd5 Re8 31. Bf5 Kg7 32. Bxc5 Bxc5 33. Rxc5 Kf6 34. g4 h5 35. h3 hxg4 36. hxg4 Rd8 37. Ra5 Rd2 38. Ra6+ Kg7 39. Rxa7+ Kf6 40. Ra6+ Kf7 41. c4 Rd8 42. c5 Rb8 43. c6 Ke7 44. c7 Rh8 45. c8=Q Rxc8 46. Bxc8 Nd3 47. Bf5 Nf4+ 48. Kf3 Kf7 49. a4 Ke7 50. a5 Kd8 51. Rc6 Ke7 52. a6 Nd5 53. a7 Nb4 54. Re6+ Kf7 55. a8=Q Nd5 56. Qxd5 Kg7 57. Qd7+ Kf8 58. Re8# 1-0

[Event "FIDE WRBTC Blitz-Pool 2024"]
[Site "Astana"]
[Date "2024.08.05"]
[Round "2.3"]
[White "Wafa, Hamed"]
[Black "Andreikin, Dmitry"]
[Result "1/2-1/2"]
[WhiteElo "2345"]
[BlackElo "2729"]
[Annotator "RC"]
[PlyCount "98"]
[EventDate "2024.08.01"]
[EventType "team-tourn"]
[EventCountry "KAZ"]
[SourceTitle "playchess.com"]
[Source "ChessBase"]
[SourceQuality "1"]

1. e4 c5 2. Nf3 Nc6 3. Nc3 e6 4. d4 cxd4 5. Nxd4 a6 6. Nxc6 bxc6 7. Bd3 d5 8. O-O Nf6 9. Qf3 Be7 10. Re1 Bb7 11. Bg5 O-O 12. Qh3 g6 13. Rad1 Nh5 14. Bh6 Re8 15. Qf3 Bg5 16. Bxg5 Qxg5 17. Na4 e5 18. Nc5 Bc8 19. h3 Nf4 20. Kh2 Qe7 21. b4 a5 22. a3 axb4 23. axb4 Ra3 24. Ra1 Rxa1 25. Rxa1 Kg7 26. Bf1 d4 27. g3 Ne6 28. Nd3 Qd6 29. Ra7 Nc7 30. Nc5 Re7 31. h4 Ne6 32. Rxe7 Qxe7 33. Nd3 Qd6 34. Bh3 h5 35. Qd1 Bd7 36. Qa1 Nf8 37. Bxd7 Nxd7 38. Qa5 Qe6 39. Kg1 f6 40. Qc7 Kh6 41. Nc5 Nxc5 42. bxc5 Qc4 43. Qxc6 Qxc2 44. Qxf6 Kh7 45. Qxe5 d3 46. Qe7+ Kg8 47. Qd8+ Kg7 48. Qe7+ Kg8 49. Qd8+ Kg7 1/2-1/2

[Event "FIDE WRBTC Blitz-Pool 2024"]
[Site "Astana"]
[Date "2024.08.05"]
[Round "2.3"]
[White "Sharshenbekov, Emir"]
[Black "Van Foreest, Jorden"]
[Result "1-0"]
[WhiteElo "2078"]
[BlackElo "2696"]
[Annotator "ChessBase"]
[PlyCount "129"]
[EventDate "2024.08.01"]
[EventType "team-tourn"]
[EventCountry "KAZ"]
[SourceTitle "playchess.com"]
[Source "ChessBase"]
[SourceQuality "1"]

1. e4 e5 2. Nf3 Nc6 3. Nc3 Nf6 4. Bb5 Bd6 5. O-O O-O 6. Bxc6 dxc6 7. d4 Nd7 8. Bg5 f6 9. Bh4 Qe8 10. Bg3 b6 11. Qe2 Kh8 12. Rfe1 a5 13. Qc4 Bb7 14. a4 c5 15. d5 Ba6 16. Nb5 Rf7 17. Nd2 Nf8 18. Qb3 Ng6 19. Nc4 Qd7 20. Nbxd6 cxd6 21. Nxb6 Qd8 22. Nxa8 Rb7 23. Qc3 Rb4 24. f3 Qxa8 25. b3 h5 26. Red1 h4 27. Be1 Nf4 28. Qe3 Rd4 29. c3 Rxd1 30. Rxd1 Qb7 31. c4 h3 32. g3 Ng2 33. Qc3 Qb8 34. Bd2 Bc8 35. Rf1 f5 36. f4 fxe4 37. fxe5 dxe5 38. Rf8+ Kh7 39. Be3 Qc7 40. Qd2 Bg4 41. Qf2 Qb7 42. Qf7 Qxf7 43. Rxf7 Nxe3 44. d6 Nc2 45. d7 Bxd7 46. Rxd7 e3 47. Kf1 Nd4 48. Rd5 Nf3 49. Ke2 Nxh2 50. Rxe5 Kg6 51. Re4 Kf5 52. Rh4 g5 53. Rxh3 Nf3 54. Rh8 Nd4+ 55. Kxe3 Nxb3 56. Rd8 Kg4 57. Rd3 Na1 58. Ke4 Nc2 59. Rd5 Na3 60. Rxc5 Kh3 61. Kd3 g4 62. Rxa5 Kxg3 63. c5 Kf4 64. c6 g3 65. Ra8 1-0

[Event "FIDE WRBTC Blitz-Pool 2024"]
[Site "Astana"]
[Date "2024.08.05"]
[Round "2.4"]
[White "Murzin, Volodar"]
[Black "Wageih, Kareim"]
[Result "0-1"]
[WhiteElo "2641"]
[BlackElo "2402"]
[Annotator "ChessBase"]
[PlyCount "101"]
[EventDate "2024.08.01"]
[EventType "team-tourn"]
[EventCountry "KAZ"]
[SourceTitle "playchess.com"]
[Source "ChessBase"]
[SourceQuality "1"]

1. Nf3 d5 2. d4 Nf6 3. Bf4 c5 4. e3 Nc6 5. Nbd2 cxd4 6. exd4 Bg4 7. c3 e6 8. h3 Bh5 9. Bb5 Bd6 10. Bxd6 Qxd6 11. O-O O-O 12. Re1 a6 13. Bd3 b5 14. a3 Rab8 15. Qe2 Na5 16. b4 Nc4 17. Nb3 Bg6 18. Bxc4 dxc4 19. Nc5 Nd5 20. Qd2 Ra8 21. Ne5 Bf5 22. a4 f6 23. Nf3 Nf4 24. Nh4 Rfe8 25. Nxf5 exf5 26. Re3 Nd5 27. Ree1 Kf7 28. a5 Rxe1+ 29. Rxe1 Re8 30. Rxe8 Kxe8 31. Qe2+ Kf8 32. Qf3 g6 33. g3 Kf7 34. Nxa6 Nxc3 35. Qb7+ Kg8 36. Nc7 Qe7 37. Qf3 Ne2+ 38. Kf1 Nxd4 39. Qd5+ Kg7 40. Qxd4 Qxc7 41. Qc5 Qd7 42. a6 Qd1+ 43. Kg2 Qa1 44. a7 c3 45. Qc7+ Kh6 46. Qf4+ g5 47. Qd4 Kg6 48. Qc5 c2 49. Qxc2 Qxa7 50. Qc6 Qa4 51. Qe8+ 0-1

[Event "FIDE WRBTC Blitz-Pool 2024"]
[Site "Astana"]
[Date "2024.08.05"]
[Round "2.4"]
[White "Erdogmus, Yagiz Kaan"]
[Black "Iunusov, Nuriddin"]
[Result "1-0"]
[WhiteElo "2599"]
[BlackElo "1925"]
[Annotator "ChessBase"]
[PlyCount "49"]
[EventDate "2024.08.01"]
[EventType "team-tourn"]
[EventCountry "KAZ"]
[SourceTitle "playchess.com"]
[Source "ChessBase"]
[SourceQuality "1"]

1. Nf3 Nf6 2. b3 d6 3. d4 g6 4. Bb2 Bg7 5. g3 O-O 6. Bg2 e5 7. dxe5 Ng4 8. c4 Nxe5 9. Nc3 Nxf3+ 10. Bxf3 c6 11. Bg2 Qa5 12. Rc1 Rd8 13. O-O Bf5 14. a3 Qc7 15. e4 Be6 16. f4 f5 17. exf5 Bxf5 18. g4 Bc8 19. f5 Nd7 20. fxg6 hxg6 21. Nd5 cxd5 22. Bxd5+ Kh8 23. Bxg7+ Kxg7 24. Rf7+ Kh8 25. Qd4+ 1-0

[Event "FIDE WRBTC Blitz-Pool 2024"]
[Site "Astana"]
[Date "2024.08.05"]
[Round "2.4"]
[White "Ishmukhametova, Gulnur"]
[Black "Praggnanandhaa R"]
[Result "0-1"]
[WhiteElo "1538"]
[BlackElo "2749"]
[Annotator "TA"]
[PlyCount "55"]
[EventDate "2024.08.01"]
[EventType "team-tourn"]
[EventCountry "KAZ"]
[SourceTitle "playchess.com"]
[Source "ChessBase"]
[SourceQuality "1"]

1. e4 c5 2. c4 Nc6 3. Nf3 g6 4. d3 Bg7 5. Nc3 d6 6. a3 Nf6 7. Be2 Nd7 8. Be3 Nd4 9. Nxd4 cxd4 10. Bd2 dxc3 11. Bxc3 O-O 12. O-O e5 13. h3 Nc5 14. b4 Ne6 15. Bd2 f5 16. Ra2 Kh8 17. f3 Nd4 18. Kh2 Be6 19. Bc3 b5 20. a4 bxc4 21. dxc4 Rc8 22. b5 Nxe2 23. Qxe2 Bxc4 24. Qe1 Bxa2 25. Ba5 Qe7 26. Rf2 Bb3 27. Qb4 Bc2 28. Qd2 0-1

[Event "FIDE WRBTC Blitz-Pool 2024"]
[Site "Astana"]
[Date "2024.08.05"]
[Round "2.5"]
[White "Hou, Yifan"]
[Black "Shakhman, Asanali"]
[Result "1-0"]
[WhiteElo "2633"]
[BlackElo "1537"]
[Annotator "ChessBase"]
[PlyCount "59"]
[EventDate "2024.08.01"]
[EventType "team-tourn"]
[EventCountry "KAZ"]
[SourceTitle "playchess.com"]
[Source "ChessBase"]
[SourceQuality "1"]

1. e4 c6 2. d4 d5 3. exd5 cxd5 4. Bd3 Nc6 5. c3 Qc7 6. Ne2 Bg4 7. O-O e6 8. Qe1 Bxe2 9. Qxe2 Bd6 10. g3 Nf6 11. Bg5 O-O-O 12. a4 h6 13. Be3 h5 14. Na3 h4 15. Nb5 Qd7 16. Nxd6+ Qxd6 17. Bf4 Qd7 18. Kg2 hxg3 19. fxg3 e5 20. Bxe5 Qh3+ 21. Kg1 Qh6 22. Bf5+ Nd7 23. Rae1 Ncxe5 24. dxe5 Kb8 25. Qg2 Nb6 26. Bd3 Rde8 27. a5 Nc4 28. Bxc4 dxc4 29. Rxf7 Rhf8 30. Qxb7# 1-0

[Event "FIDE WRBTC Blitz-Pool 2024"]
[Site "Astana"]
[Date "2024.08.05"]
[Round "2.5"]
[White "Wafa, Shrook"]
[Black "Lagno, Kateryna"]
[Result "0-1"]
[WhiteElo "2137"]
[BlackElo "2532"]
[Annotator "ChessBase"]
[PlyCount "94"]
[EventDate "2024.08.01"]
[EventType "team-tourn"]
[EventCountry "KAZ"]
[SourceTitle "playchess.com"]
[Source "ChessBase"]
[SourceQuality "1"]

1. e4 e5 2. Nf3 Nc6 3. Bb5 a6 4. Ba4 d6 5. c3 Bd7 6. d4 Nf6 7. O-O b5 8. Bc2 g6 9. Re1 Bg7 10. h3 O-O 11. Nbd2 Re8 12. Nf1 a5 13. a3 h6 14. Ng3 Qb8 15. Be3 Qb7 16. Qd2 Kh7 17. Rad1 b4 18. axb4 axb4 19. dxe5 dxe5 20. Bb3 Be6 21. Bd5 Bxd5 22. exd5 Na5 23. cxb4 Nc4 24. Qc3 Nxe3 25. Qxe3 e4 26. Nd4 Nxd5 27. Qb3 Rad8 28. b5 Nb6 29. Nc6 Rxd1 30. Rxd1 Rf8 31. Re1 f5 32. Qe6 Nc8 33. Qd7 Qxb5 34. Rc1 Na7 35. Qe6 Nxc6 36. Qxc6 Qxc6 37. Rxc6 Bxb2 38. Rxc7+ Bg7 39. Ne2 g5 40. Nd4 Rf6 41. g3 Kg6 42. Nc6 Re6 43. Kg2 Bf6 44. Rc8 f4 45. gxf4 gxf4 46. Nb4 e3 47. fxe3 fxe3 0-1

[Event "FIDE WRBTC Blitz-Pool 2024"]
[Site "Astana"]
[Date "2024.08.05"]
[Round "2.5"]
[White "Lesbekova, Assel"]
[Black "Koneru, Humpy"]
[Result "1/2-1/2"]
[WhiteElo "1903"]
[BlackElo "2530"]
[Annotator "ChessBase"]
[PlyCount "178"]
[EventDate "2024.08.01"]
[EventType "team-tourn"]
[EventCountry "KAZ"]
[SourceTitle "playchess.com"]
[Source "ChessBase"]
[SourceQuality "1"]

1. e4 e5 2. Nf3 Nc6 3. Nc3 Nf6 4. d4 exd4 5. Nxd4 Bb4 6. Nxc6 bxc6 7. Qd4 Qe7 8. f3 h6 9. Bf4 O-O 10. O-O-O c5 11. Qe5 Qxe5 12. Bxe5 Bxc3 13. Bxc3 Re8 14. Bc4 d6 15. Bxf6 gxf6 16. Bd5 Rb8 17. Bc6 Re7 18. g4 Be6 19. a3 Rb6 20. Bd5 Bxd5 21. Rxd5 Re5 22. h4 Rb8 23. Rd2 Kg7 24. Rg2 Kf8 25. g5 Ke7 26. gxh6 Rh8 27. h7 Rxh7 28. Rg8 f5 29. exf5 Rxf5 30. Rh3 Rfh5 31. Ra8 Rxh4 32. Rxh4 Rxh4 33. Rxa7 Kd7 34. Kd2 Rh2+ 35. Kd3 Rf2 36. a4 Rxf3+ 37. Ke2 Rf4 38. b3 Kc6 39. Ra8 Kb7 40. Rf8 Kb6 41. Ke3 Rf1 42. Rb8+ Ka7 43. Rc8 Kb7 44. Rf8 f5 45. Ke2 Rf4 46. Ke3 Re4+ 47. Kd3 Re5 48. Rf7 Kb6 49. Rf8 Rd5+ 50. Kc3 Re5 51. Kd3 c6 52. Rb8+ Kc7 53. Rf8 d5 54. Rf7+ Kb6 55. Kd2 Ka6 56. Kd3 Kb6 57. Kd2 Ka5 58. Kd3 Kb6 59. Kd2 Ka6 60. Kd3 Ka5 61. Kd2 c4 62. bxc4 Kxa4 63. Kc3 Re3+ 64. Kd2 Re5 65. Kc3 Re3+ 66. Kd2 Re5 67. Kc3 Ka5 68. cxd5 Rxd5 69. Kc4 Kb6 70. c3 Rc5+ 71. Kd4 Ra5 72. c4 Rc5 73. Rf8 Ra5 74. Rf7 Ka6 75. Rf6 Kb7 76. Rf8 Kc7 77. Rf6 Kd7 78. c5 Ra4+ 79. Ke3 Re4+ 80. Kd3 Re5 81. Kd4 Rd5+ 82. Kc4 Kc7 83. Rf7+ Kd8 84. Rf6 Kd7 85. Rf7+ Kd8 86. Rf6 Kd7 87. Rf7+ Kd8 88. Rf6 Kd7 89. Rf7+ Kd8 1/2-1/2

[Event "FIDE WRBTC Blitz-Pool 2024"]
[Site "Astana"]
[Date "2024.08.05"]
[Round "2.6"]
[White "Ainakul, Mukhtar"]
[Black "Tazhimyrzaev, Elzar"]
[Result "0-1"]
[WhiteElo "1935"]
[BlackElo "1885"]
[Annotator "ChessBase"]
[PlyCount "58"]
[EventDate "2024.08.01"]
[EventType "team-tourn"]
[EventCountry "KAZ"]
[SourceTitle "playchess.com"]
[Source "ChessBase"]
[SourceQuality "1"]

1. c3 Nf6 2. d4 c6 3. Bg5 d6 4. Nd2 Qc7 5. e4 Nbd7 6. Ngf3 e5 7. Bd3 Be7 8. Nf1 h6 9. Bh4 Nf8 10. Ne3 Ng6 11. Bg3 Nh5 12. O-O Nhf4 13. Bc4 O-O 14. Qd2 b5 15. Bb3 a5 16. a4 bxa4 17. Rxa4 Ba6 18. Bc4 Bb5 19. Bxb5 cxb5 20. Raa1 Rfc8 21. h4 h5 22. Nf5 Bf8 23. Ng5 Qc4 24. Kh1 Qe2 25. Qxe2 Nxe2 26. Ne3 Nxg3+ 27. fxg3 exd4 28. cxd4 a4 29. Nd5 Rc2 0-1